Sports Quiz

Random Sports or Golf Quiz

Golf Brands Quiz Stats

 Plays Quiz not verified by Sporcle

Score 0/17 Timer 05:00
0 Plays Today
% Correct
Taylormade
89.8%
Nike
86.7%
Titleist
82.7%
Callaway
75.5%
Ping
61.2%
Cleveland
52%
Mizuno
48%
Wilson
46.9%
Top Flite
30.6%
% Correct
Adams
28.6%
Bridgestone
27.6%
Odyssey
16.3%
Puma
10.2%
King Cobra
10.2%
Precept
10.2%
Maxfli
10.2%
Ogio
4.1%

You're not logged in!

Compare scores with friends on all Sporcle quizzes.
OR
Log In

Show Comments

Extras

Created Oct 27, 2010ReportNominate
Tags:Golf Quiz, brand

Top Quizzes Today


Score Distribution

Your Account Isn't Verified!

In order to create a playlist on Sporcle, you need to verify the email address you used during registration. Go to your Sporcle Settings to finish the process.

Report this User

Report this user for behavior that violates our Community Guidelines.

Details: